Retelling Jane Austen : essays on recent adaptations and derivative works /

Jane Austen originally wrote for a Regency period audience and would never have predicted the success of her original works. The slew of variations and adaptations of Austen's works in both film and contemporary novels has grown into an industry with a fan-base waiting for more. This collection...

Full description

Bibliographic Details
Other Authors: Powley, Tammy (Editor), Van Camp, April (Editor)
Format: Book
Language:English
Published: Jefferson, North Carolina : McFarland & Company, Inc., Publishers, [2024].
Subjects:

MARC

Tag First Indicator Second Indicator Subfields
LEADER 00000cam a2200000 i 4500
001 in00005503213
008 240501t20242024ncu b 001 0 eng
005 20251117155420.5
010 |a  2024020072 
020 |a 9781476691930 
020 |a 1476691932  |q paperback 
020 |z 9781476653273  |q electronic book 
035 |a (OCoLC)on1417198352 
035 |a (OCoLC)1417198352 
040 |a DLC  |e rda  |c DLC  |d TXA 
050 0 0 |a PR4038.F55  |b R48 2024 
082 0 0 |a 791.43/657  |2 23/eng/20240626 
245 0 0 |a Retelling Jane Austen :  |b essays on recent adaptations and derivative works /  |c edited by Tammy Powley and April Van Camp. 
264 1 |a Jefferson, North Carolina :  |b McFarland & Company, Inc., Publishers,  |c [2024]. 
264 |c ©2024. 
300 |a ix, 216 pages ;  |c 23 cm. 
336 |a text  |b txt  |2 rdacontent 
337 |a unmediated  |b n  |2 rdamedia 
338 |a volume  |b nc  |2 rdacarrier 
504 |a Includes bibliographical references and index. 
520 |a Jane Austen originally wrote for a Regency period audience and would never have predicted the success of her original works. The slew of variations and adaptations of Austen's works in both film and contemporary novels has grown into an industry with a fan-base waiting for more. This collection fills the gap in Austen scholarship between 2000 to the current moment. The authors examine universal and contemporary themes in Austen's literature ranging from classic romance to apocalyptic fiction. Essays cover Austen retellings with a New York City setting, Jane Austen and Islamic culture and even a plot with zombies. This anthology demonstrates Jane Austen's enduring talent and relevancy. 
600 1 0 |a Austen, Jane,  |d 1775-1817  |x Film adaptations. 
600 1 0 |a Austen, Jane,  |d 1775-1817  |x Adaptations. 
600 1 0 |a Austen, Jane,  |d 1775-1817  |x Influence. 
650 0 |a English fiction  |x Film adaptations. 
650 0 |a English fiction  |x Adaptations. 
650 0 |a Film adaptations  |x History and criticism. 
650 0 |a Literature  |x Adaptations. 
700 1 |a Powley, Tammy,  |e editor. 
700 1 |a Van Camp, April,  |e editor. 
948 |a dmitchel 11/17/25 9.50.30 
955 |a Print purchased PDA title. 
961 |m 565730 
999 f f |s 3759b7ea-1bf4-428f-a707-70d4d6e5b76c  |i bc174acd-5403-4625-affb-235832ab39c7  |t 0 
952 f f |p normal  |a Texas A&M University  |b College Station  |c Sterling C. Evans Library  |s Evans stk  |d Evans: Library Stacks  |t 0  |e PR4038.F55 R48 2024  |h Library of Congress classification  |i unmediated -- volume  |m A14852199877 
998 f f |a PR4038.F55 R48 2024  |t 0  |l Evans: Library Stacks